000 01199ncm a2200361 a 4500
999 _c350735
_d350735
003 BLK
005 20250329160042.0
008 200402b bu ||||| |||| 00| 0 bu d
040 _aBLK
041 _aBUL
_cBUL
080 _aМузика за духови инструменти
_b788
_z788
100 _aБах, Йохан Кристиян
_9361892
139 _aБах, Йохан Кристиян
_bБ 30
245 _aBlaser-sinfonien fur zwei klarinetten, zwei Horner und Fagotte
_cJon. Christian Bach; съст. Fritz Stein
_pHeft 2
_sNr. 4-6
260 _9402638
_aLeipzig
_bFriedrich Hofmeister
_cs.a.
300 _a56 с.
_c30 см
380 _a7
490 _9403029
_aHofmeister Studienwerke
650 7 _aСимфонична музика
_2
_9162974
650 0 _aДухови музикални инструменти
_9275013
700 _91525
_aStein, Fritz
_eсъстав. и предг. от
852 _aЦб М II 9518
_bЦб
942 _cNOT
_n0
_s1
944 _aCR
_c2020-04-02
_k30560
_lГеновева Генчева
999 _d350735
999 _d350735
999 _d350735
999 _d350735
999 _d350735
999 _d350735
999 _d350735
999 _d350735